书目信息 |
| 题名: |
东方魅力
|
|
| 作者: | 肖显社 著 | |
| 分册: | ||
| 出版信息: | 北京 中国党史出版社 2006 |
|
| 页数: | 295页 | |
| 开本: | 21cm | |
| 丛书名: | 红军长征纪实丛书 | |
| 单 册: | ||
| 中图分类: | K264.406 | |
| 科图分类: | ||
| 主题词: | 二万五千里长征--外国人--生平事迹 , 外国人 , 二万五千里长征 | |
| 电子资源: | ||
| ISBN: | 7-80199-379-9 | |
| 000 | 00981oam2 2200277 450 | |
| 001 | 003089707 | |
| 005 | 20061123142734.12 | |
| 010 | @a7-80199-379-9@dCNY22.00 | |
| 100 | @a20060124d2006 em y0chiy0110 ea | |
| 101 | 0 | @achi |
| 102 | @aCN@b110000 | |
| 105 | @aa z 000zd | |
| 200 | 1 | @a东方魅力@9dong fang mei li@e长征与外国人@f肖显社著 |
| 210 | @a北京@c中国党史出版社@d2006 | |
| 215 | @a295页@c图@d21cm | |
| 225 | 2 | @a红军长征纪实丛书 |
| 330 | @a本书讲述了李德入主红军总部的“独立房子”;来自越南的洪水和朝鲜的毕士悌,全程亲历长征;薄复礼等西方传教士被长征壮举所折服,抱病著书,向西方介绍红军真实情况;斯诺等西方记者,热血书写长征等故事。 | |
| 461 | 0 | @12001 @a红军长征纪实丛书 |
| 517 | 1 | @a长征与外国人@9chang zheng yu wai guo ren |
| 606 | 0 | @a二万五千里长征@x外国人@x生平事迹 |
| 606 | 0 | @a外国人 |
| 606 | 0 | @a二万五千里长征 |
| 690 | @aK264.406@v4 | |
| 701 | 0 | @a肖显社@9xiao xian she@f(1956~)@4著 |
| 801 | 0 | @aCN@bNLC@c20061123 |
| 905 | @a10447@dK264.406@e48 | |
| 东方魅力:长征与外国人/肖显社著.-北京:中国党史出版社,2006 |
| 295页:图;21cm.-(红军长征纪实丛书) |
| ISBN 7-80199-379-9:CNY22.00 |
| 本书讲述了李德入主红军总部的“独立房子”;来自越南的洪水和朝鲜的毕士悌,全程亲历长征;薄复礼等西方传教士被长征壮举所折服,抱病著书,向西方介绍红军真实情况;斯诺等西方记者,热血书写长征等故事。 |
| ● |
| 相关链接 |
|
|
|
|
正题名:东方魅力
索取号:K264.406/48
 
预约/预借
| 序号 | 登录号 | 条形码 | 馆藏地/架位号 | 状态 | 备注 |
| 1 | 0390671 | 203906719 | 第二样本阅览室/ [索取号:K264.406/48] | 在馆 | |
| 2 | 0390672 | 203906728 | 第二借阅区/ [索取号:K264.406/48] | 在馆 | |
| 3 | 0390673 | 203906737 | 第二借阅区/ [索取号:K264.406/48] | 在馆 | |
| 4 | 0390674 | 203906746 | 第二借阅区/ [索取号:K264.406/48] | 在馆 | |
| 5 | 0390675 | 203906755 | 第二借阅区/ [索取号:K264.406/48] | 在馆 |